[Event "2. Agria International Open"]
[Site "Agria GRE"]
[Date "2025.08.30"]
[Round "6.10"]
[White "Chalioris, Stefanos-Anthimos"]
[Black "Zizic, Djordje"]
[Result "1/2-1/2"]
[WhiteElo "1864"]
[BlackElo "2165"]

1.d4 d5 2.c4 e6 3.Nf3 Nf6 4.g3 Be7 5.Bg2 O-O 6.O-O dxc4 7.Nbd2 b5 8.a4 b4 
9.Ne5 Nd5 10.Ndxc4 a5 11.Qc2 h6 12.Rd1 Bb7 13.b3 Nd7 14.Bb2 Bd6 15.Nd3 f5 
16.Rac1 N7f6 17.Nce5 Qe8 18.Nc5 Bc8 19.e3 g5 20.e4 fxe4 21.Nxe4 Nxe4 22.
Bxe4 Bb7 23.Bh7+ Kg7 24.Bg6 Qe7 25.Be4 Bxe5 26.dxe5 Rad8 27.Re1 g4 28.Qe2 
h5 29.Bb1 Rf7 30.Qe4 Rh8 31.Rcd1 Kf8 32.Qc4 h4 33.Qxg4 hxg3 34.fxg3 Ke8 
35.Bg6 Kd7 1/2-1/2

[Event "2. Agria International Open"]
[Site "Agria GRE"]
[Date "2025.08.31"]
[Round "7.1"]
[White "Kotronias, Vasilios"]
[Black "Zygouris, Hristos"]
[Result "1-0"]
[WhiteElo "2387"]
[BlackElo "2187"]

1.e4 c5 2.Nf3 g6 3.c3 d5 4.exd5 Qxd5 5.d4 Bg7 6.Be3 cxd4 7.cxd4 Nf6 8.Nc3 
Qa5 9.Bc4 O-O 10.O-O Bg4 11.h3 Bxf3 12.Qxf3 Nc6 13.Bb3 e6 14.Rfd1 Rfd8 15.
Rac1 Rac8 16.g4 h6 17.Qg2 Qb4 18.d5 Nxd5 19.Nxd5 exd5 20.Rxd5 Nd4 21.Rxc8 
Rxc8 22.Rxd4 Bxd4 23.Qe4 Rd8 24.Qxg6+ Bg7 25.Bxf7+ Kh8 26.Bxh6 Qxb2 27.Be3
Rd1+ 28.Kg2 Qb1 29.Qh5+ Qh7 30.Qxh7+ Kxh7 31.Bxa7 b5 32.Bb3 Rd7 33.Be3 Bd4
34.Bf4 Bc5 35.h4 Rd4 36.Kf3 Rxf4+ 37.Kxf4 Bxf2 38.Kg5 Kg7 39.Kh5 Be1 40.g5
b4 41.Kg4 1-0

[Event "2. Agria International Open"]
[Site "Agria GRE"]
[Date "2025.08.31"]
[Round "7.2"]
[White "Townsend, M Paul"]
[Black "Krallis, Christos"]
[Result "0-1"]
[WhiteElo "2167"]
[BlackElo "2390"]

1.d4 Nf6 2.c4 c5 3.d5 b5 4.Qc2 b4 5.e4 d6 6.Bd3 g6 7.Nf3 Bg7 8.O-O O-O 9.
h3 a5 10.Nbd2 Nh5 11.Re1 Nf4 12.Bf1 e5 13.Kh2 f5 14.g3 Nh5 15.Nh4 Bh6 16.
exf5 gxf5 17.Ndf3 Qf6 18.Bxh6 Qxh6 19.Qd2 Kg7 20.Qxh6+ Kxh6 21.Be2 Ra7 22.
Nd2 Rg7 23.a3 Na6 24.Ng2 Rfg8 25.axb4 Nxb4 26.Rxa5 Nxg3 27.fxg3 Rxg3 28.
Rg1 f4 29.Ra3 R3g7 30.Ne4 Rg6 31.Bf3 Nc2 32.Rc3 Nd4 33.Nf2 Rg3 34.Bg4 Bxg4
35.Nxg4+ R8xg4 36.hxg4 Rxc3 37.bxc3 Nf3+ 38.Kh1 Nxg1 39.Kxg1 Kg5 40.Ne1 e4
41.Nc2 Kxg4 42.Na3 Kf5 43.Kg2 f3+ 44.Kg3 h5 45.Nc2 Kg5 46.Ne3 h4+ 47.Kf2 
Kf4 48.Nf1 h3 0-1

[Event "2. Agria International Open"]
[Site "Agria GRE"]
[Date "2025.08.31"]
[Round "7.3"]
[White "Lichtmannecker, Daniel"]
[Black "Mantazis, Georgios Rafail"]
[Result "1/2-1/2"]
[WhiteElo "2176"]
[BlackElo "2052"]

1.e4 e5 2.Nf3 Nc6 3.Bb5 a6 4.Ba4 Nf6 5.Nc3 Bc5 6.d3 d6 7.d4 exd4 8.Nxd4 
Bd7 9.Nxc6 Bxc6 10.Bxc6+ bxc6 11.Bg5 O-O 12.Qf3 Bd4 13.O-O-O Bxc3 14.bxc3 
h6 15.Bxf6 Qxf6 16.Qxf6 gxf6 17.Rd4 Rfb8 18.Re1 a5 19.a4 Re8 20.Re3 Re5 
21.Rh3 Rg5 22.Rxh6 Kg7 23.Rh3 Rxg2 24.Rg3+ Rxg3 25.hxg3 Kf8 26.Rd3 Rb8 27.
Rf3 Ke7 28.Rf5 c5 29.Rh5 Rg8 30.Kd2 Rb8 31.Kc1 1/2-1/2

[Event "2. Agria International Open"]
[Site "Agria GRE"]
[Date "2025.08.31"]
[Round "7.4"]
[White "Stefanidi, Maria-Anna"]
[Black "Exizoglou, Dimitrios"]
[Result "1/2-1/2"]
[WhiteElo "1966"]
[BlackElo "2088"]

1.e4 c5 2.Nf3 d6 3.d4 cxd4 4.Nxd4 Nf6 5.Bd3 g6 6.c4 Bg7 7.Nc3 Nc6 8.Nc2 
O-O 9.O-O Nd7 10.Bd2 Nc5 11.Ne1 f5 12.exf5 Nxd3 13.Nxd3 Bxf5 14.Nf4 e5 
1/2-1/2

[Event "2. Agria International Open"]
[Site "Agria GRE"]
[Date "2025.08.31"]
[Round "7.5"]
[White "Mourogiannis, Konstantinos"]
[Black "Yordanova, Svetla"]
[Result "1-0"]
[WhiteElo "1938"]
[BlackElo "2069"]

1.d4 d5 2.Bf4 Nf6 3.e3 c5 4.Nd2 e6 5.Ngf3 Bd6 6.Bg3 Qc7 7.c4 cxd4 8.Nxd4 
a6 9.Rc1 Bxg3 10.hxg3 Qd8 11.cxd5 exd5 12.Bd3 O-O 13.Bxh7+ Nxh7 14.Qh5 f6 
15.Qxh7+ Kf7 16.N2f3 Rg8 17.Nf5 Bxf5 18.Qxf5 Qd6 19.Rc7+ Qxc7 20.Ng5+ Ke8 
21.Qe6+ Qe7 22.Qxg8+ Kd7 23.Qxd5+ Kc7 24.Ne6+ Kb6 25.Qd4+ Kc6 26.O-O Qd6 
27.Rc1+ Kd7 28.Nc5+ Ke7 29.Qe4+ 1-0

[Event "2. Agria International Open"]
[Site "Agria GRE"]
[Date "2025.08.31"]
[Round "7.6"]
[White "Triantafilidis, Mihail"]
[Black "Zniber, Reda"]
[Result "1-0"]
[WhiteElo "2197"]
[BlackElo "1975"]

1.e4 e5 2.Nf3 Nf6 3.Nc3 Bb4 4.Bc4 d6 5.O-O O-O 6.d3 c6 7.Bb3 Nbd7 8.a3 Ba5
9.Ne2 Nc5 10.Ba2 Bc7 11.b4 Ne6 12.Bb2 Re8 13.Re1 Bb6 14.h3 a5 15.Qd2 h6 
16.c3 Nf8 17.Ng3 Ng6 18.d4 exd4 19.cxd4 d5 20.e5 Nh7 21.Bb1 Be6 22.Nf5 Qd7
23.g4 axb4 24.axb4 Rxa1 25.Bxa1 Qd8 26.Nd6 Re7 27.Bf5 Rd7 28.Nxf7 Qe7 29.
Nd6 Nhf8 30.Bc3 Nh4 31.Qe3 Bd8 32.Ra1 g6 33.Bd3 Kg7 34.Ra8 Nh7 35.Nh2 g5 
36.Nf3 Nxf3+ 37.Qxf3 Nf8 38.Nf5+ Bxf5 39.gxf5 Qf7 40.Kg2 Bc7 41.e6 Nxe6 
42.fxe6 Qxf3+ 43.Kxf3 Re7 44.b5 cxb5 45.Bb4 Rxe6 46.Ra7 Rf6+ 47.Kg2 Bb6 
48.Rxb7+ Kg8 49.Bc5 1-0

[Event "2. Agria International Open"]
[Site "Agria GRE"]
[Date "2025.08.31"]
[Round "7.7"]
[White "Karakasidis, Michail"]
[Black "Boutikos, Eleftherios"]
[Result "0-1"]
[WhiteElo "2037"]
[BlackElo "2061"]

1.e4 c5 2.Nf3 d6 3.d4 cxd4 4.Nxd4 Nf6 5.Nc3 g6 6.Be3 Bg7 7.f3 Nc6 8.Qd2 
O-O 9.g4 Be6 10.h4 d5 11.g5 Nh5 12.Nxe6 fxe6 13.exd5 exd5 14.Qxd5+ e6 15.
Qxd8 Raxd8 16.Rd1 Bxc3+ 17.bxc3 Rxd1+ 18.Kxd1 Ng3 19.Rh3 Nxf1 20.Bc1 Rf5 
21.Ke2 Rb5 22.f4 Rb1 23.Ba3 Na5 24.Rd3 Nc4 25.Rd8+ Kf7 26.Rf8+ Kg7 27.Be7 
Ng3+ 28.Kf3 Nf5 29.Rc8 Nxe7 30.Rxc4 Rb6 31.Rc7 Kf7 32.c4 Ke8 33.c5 Ra6 34.
Rxb7 Rxa2 35.c6 Rxc2 36.Rxa7 Rxc6 37.Ra8+ Rc8 38.Ra7 Rc3+ 39.Ke4 Rc4+ 40.
Kf3 e5 41.fxe5 Rxh4 42.e6 Nf5 43.Rd7 Nd4+ 44.Kg3 Nxe6 45.Rd6 Re4 46.Rd5 
Ke7 47.Ra5 Rc4 48.Ra8 Nxg5 0-1

[Event "2. Agria International Open"]
[Site "Agria GRE"]
[Date "2025.08.31"]
[Round "7.8"]
[White "Zizic, Djordje"]
[Black "Poullas, Antonis"]
[Result "1/2-1/2"]
[WhiteElo "2165"]
[BlackElo "1886"]

1.e4 c5 2.Nf3 d6 3.Bb5+ Bd7 4.Bxd7+ Qxd7 5.c4 Nf6 6.Nc3 g6 7.d4 cxd4 8.
Nxd4 Bg7 9.f3 a6 10.Be3 Nc6 11.Qd3 O-O 12.O-O Rfb8 13.Nxc6 bxc6 14.b3 Qe6 
15.Rad1 Nd7 16.Na4 c5 17.h3 Nb6 18.Nc3 Bxc3 19.Qxc3 a5 20.a4 Nd7 21.Bg5 f6
22.Bd2 Ne5 23.Rb1 Nc6 24.Rb2 Qe5 25.Rfb1 Nd4 26.Qd3 Qg3 27.Be1 Qf4 28.Bf2 
e5 1/2-1/2

[Event "2. Agria International Open"]
[Site "Agria GRE"]
[Date "2025.08.31"]
[Round "7.9"]
[White "Bougas, Georgios"]
[Black "Koutras, Konstantinos"]
[Result "1-0"]
[WhiteElo "2064"]
[BlackElo "1868"]

1.e4 c5 2.Nf3 Nc6 3.Bb5 e6 4.O-O Nge7 5.d4 cxd4 6.Nxd4 Ng6 7.Be2 Be7 8.c4 
a6 9.Nc3 O-O 10.Be3 Nxd4 11.Qxd4 Bf6 12.Qd2 b6 13.Rfd1 Qc7 14.Rac1 Rb8 15.
b3 Bb7 16.Qxd7 Qxd7 17.Rxd7 Bxc3 18.Rxc3 Bxe4 19.f3 Bb7 20.Rd6 b5 21.cxb5 
axb5 22.Rb6 Ne7 23.Rc7 Nd5 24.Rbxb7 Nxc7 25.Rxc7 b4 26.Kf2 Rfc8 27.Rxc8+ 
Rxc8 28.Bd2 Rc2 29.Bxb4 Rxa2 30.Bc5 e5 31.b4 f5 32.Bd6 Rb2 33.b5 e4 34.
fxe4 fxe4 35.Ba3 Ra2 36.b6 e3+ 37.Kf3 Ra1 38.Bc4+ Kh8 39.b7 Rb1 40.Bd5 1-0

[Event "2. Agria International Open"]
[Site "Agria GRE"]
[Date "2025.08.31"]
[Round "7.10"]
[White "Kountrias, Kosmas Ioannis"]
[Black "Chalioris, Stefanos-Anthimos"]
[Result "1-0"]
[WhiteElo "1902"]
[BlackElo "1864"]

1.e4 d5 2.exd5 Qxd5 3.Nc3 Qa5 4.d4 Nf6 5.Bc4 Bf5 6.Ne2 e6 7.O-O c6 8.Ng3 
Bg6 9.f4 Be7 10.f5 Bxf5 11.Nxf5 exf5 12.Qe2 Qd8 13.Rxf5 O-O 14.Be3 Nbd7 
15.a4 Nb6 16.Bb3 Qd7 17.Raf1 Rad8 18.Qf3 Nbd5 19.Nxd5 Nxd5 20.Rxf7 Qe6 21.
Rxf8+ Rxf8 22.Qh3 Rxf1+ 23.Kxf1 Qxh3 24.gxh3 Bd6 25.Kg2 Kf8 26.Bxd5 cxd5 
27.b3 Kf7 28.Bf2 Ke6 29.Bg3 Bb4 30.c4 g6 31.Kf3 Bd2 32.Bf4 Bc3 33.Be3 Ba5 
34.Kg4 Bd8 35.Kf3 Ba5 36.Bf2 Bd2 37.Ke2 Bc3 38.Kd3 Ba5 39.Bg3 Bb4 40.Bc7 
Be1 41.Ke2 Bc3 42.Kd3 Be1 43.Be5 Ba5 44.Kc2 Be1 45.Kd1 Bc3 46.Kc2 Be1 47.
Kb2 Bb4 48.Kb1 Bc3 49.Kc2 Be1 50.Bg3 Ba5 51.Kd3 Bb4 52.Ke3 Bc3 53.Be5 Ba5 
54.Kf4 Bd8 55.Kg4 Be7 56.Kf4 Bd8 57.Kf3 Ba5 58.Kg4 Bd8 59.c5 Be7 60.b4 a5 
61.bxa5 Kd7 62.Bf4 Bd8 63.Be5 Be7 64.Bg3 Bd8 65.Bb8 Bf6 66.Be5 Bxe5 67.
dxe5 Kc6 68.e6 1-0